Historia de la escultura mundial / (Record no. 30911)

MARC details
000 -LEADER
campo de control de longitud fija 00657nam a2200217 i 4500
001 - NÚMERO DE CONTROL
campo de control 30911
003 - IDENTIFICADOR DE NÚMERO DE CONTROL
campo de control ES-MaACL
005 - FECHA Y HORA DE LA ÚLTIMA TRANSACCIÓN
campo de control 20250927162913.0
007 - CAMPO FIJO DE DESCRIPCIÓN FÍSICA--INFORMACIÓN GENERAL
campo de control de longitud fija t|
008 - DATOS DE LONGITUD FIJA--INFORMACIÓN GENERAL
campo de control de longitud fija 030127s1972 sp f |||| | spa d
100 1# - ENTRADA PRINCIPAL--NOMBRE DE PERSONA
Nombre de persona Bazin, Germain.
9 (RLIN) 26749
245 10 - MENCIÓN DEL TÍTULO
Título Historia de la escultura mundial /
Mención de responsabilidad, etc. G. Bazin ; [traducido por Juan Vinyes y Esteban Riambau].
250 ## - MENCION DE EDICION
Mención de edición 1ª ed.
260 ## - PUBLICACIÓN, DISTRIBUCIÓN, ETC.
Lugar de publicación, distribución, etc. Barcelona :
Nombre del editor, distribuidor, etc. Blume,
Fecha de publicación, distribución, etc. 1972.
300 ## - DESCRIPCIÓN FÍSICA
Extensión 469 p., 180 lám. ;
Dimensiones 34 cm.
650 #4 - PUNTO DE ACCESO ADICIONAL DE MATERIA--TÉRMINO DE MATERIA
Término de materia o nombre geográfico como elemento de entrada Escultura-
Subdivisión de forma Historia.
9 (RLIN) 151066
700 1# - ENTRADA AGREGADA--NOMBRE PERSONAL
Nombre de persona Vinyes, Juan.
9 (RLIN) 115350
700 1# - ENTRADA AGREGADA--NOMBRE PERSONAL
Nombre de persona Riambau, Esteve,
Fechas asociadas al nombre 1925-1994
9 (RLIN) 156353
852 ## - LOCALIZACIÓN
Ubicación ES-MaACL
Número de control de estantería C-47202
Holdings
Estatus retirado Estado de pérdida Estado de daño No para préstamo Biblioteca de origen Biblioteca actual Ubicación en estantería Fecha de adquisición Fuente de adquisición Total de préstamos Signatura topográfica completa Código de barras Visto por última vez Precio de reemplazo Tipo de ítem Koha
        Biblioteca del Ateneo de Madrid Biblioteca del Ateneo de Madrid Depósito 2 17/01/2008     C-47202 1031933 23/02/2023 23/02/2023 Libro impreso